Statistiques concernant Focus sur: Ar-Pharazôn - Tolkien

Cliquez ici pour prendre le quiz!

Statistiques générales

  • Ce quiz a été pris 15 fois
  • Le résultat moyen est 6 sur 9

Statistiques - réponses

Informations recherchéesRéponses% Correct
Age durant lequel il vécutDeuxième
100%
EspèceHomme
100%
ContréeNúmenor
100%
LignéeNúmenor
100%
Première apparitionLe Silmarillion
86%
Profession et titreRoi de Númenor
86%
Autre nomTar-Calion
21%
EpouseTar-Míriel
21%
PèreGimilkhâd
14%

Distribution des résultats

Percentile par nombre de réponses

% des personnes avec chaque résultat

Votre développement - résultats

Vous n’avez pas pris ce quiz